Ducs de Saxe - Statistiques

Statistiques générales
  • Ce quiz a été pris 22 fois
  • Le résultat moyen est 26 sur 55
Statistiques - réponses
Maison/Dynastie Règne Souverain % Correct
1212-1260 Albert Ier
79%
1873-1902 Albert Ier
79%
Ascanie 1139-1142 Albert Ier l'Ours
79%
1260-1298** Albert II
79%
Albert III
79%
1419-1422 Albert III
79%
Wettin 1485-1500 Albert III
79%
912-936 Henri Ier l'Oiseleur
79%
Welf 1142-1180 Henri II le Lion
79%
1539-1541 Henri IV
79%
Welf 1137-1139 Henri le Superbe
79%
880-912 Otton Ier de Saxe
79%
936-962/973* Otton le Grand
79%
Éric Ier
71%
Wettin 1423-1428 Frédéric Ier
64%
1428-1464 Frédéric II
64%
1486-1525 Frédéric III
64%
1763-1763 Frédéric IV
64%
1260-1282 Jean Ier
64%
1525-1532 Jean Ier
64%
1854-1873 Jean Ier
64%
1282-1296 Jean II
64%
Supplinbourg 1106-1137 Lothaire de Supplinbourg
64%
1553-1586 Auguste Ier
57%
973-1011 Bernard Ier
50%
1011-1059 Bernard II
50%
Ascanie 1180-1212 Bernard III
50%
Wettin 1464-1486 Ernest
50%
1500-1539 Georges
50%
1902-1904 Georges Ier
50%
1827-1836 Antoine Ier
43%
1541-1547 Maurice
43%
Wettin 1547-1553 Maurice
43%
Billung 962-973 Hermann Ier
36%
1298-1356 Rodolphe Ier
36%
Ascanie 1356-1370 Rodolphe II
36%
1388-1419 Rodolphe III
36%
1586-1591 Christian Ier
29%
1591-1611 Christian II
29%
1072-1106 Magnus Ier
29%
1370-1388 Venceslas
29%
1611-1656 Jean-Georges Ier
21%
1656-1680 Jean-Georges Ii
21%
1680-1691 Jean-Georges III
21%
1691-1694 Jean-Georges IV
21%
Ottoniens 866-880 Bruno
14%
1763-1768 François-Xavier
14%
1694-1733 Frédéric-Auguste Ier
14%
Wettin 1806-1827 Frédéric-Auguste Ier
14%
1733-1763 Frédéric-Auguste II
14%
1836-1854 Frédéric-Auguste II
14%
1768-1806 Frédéric-Auguste III
14%
1904-1918 Frédéric-Auguste III
14%
1059-1072 Ordulf
14%
1532-1547 Jean-Frédéric Ier
7%
Aucun quiz correspondant
Distribution des résultats
% des personnes avec chaque résultat
Percentile par nombre de réponses
Votre historique - résultats
Vous n’avez pas pris ce quiz